[Event "Sparkassen GM"]
[Site "Dortmund GER"]
[Date "2007.06.24"]
[Round "2"]
[White "Kramnik, V."]
[Black "Gelfand, B."]
[Result "1-0"]
[WhiteElo "2772"]
[BlackElo "2733"]
[Annotator "de Dovitiis"]
[PlyCount "123"]
[EventDate "2007.06.23"]
[Source "Mark Crowther"]
[SourceDate "2007.06.25"]

1. d4 d5 2. c4 c6 3. Nf3 Nf6 4. Nc3 e6 5. e3 Nbd7 6. Qc2 Bd6 7. e4 $5 {
Yendo directo al cambio en el centro. Lo normal es aqui:} (7. Be2) (7. Bd3) (7.
Bd2) 7... Nxe4 8. Nxe4 dxe4 9. Qxe4 c5 10. Bg5 Be7 11. Bxe7 Qa5+ $146 ({RR} 
11... Qxe7 12. O-O-O cxd4 ({RR} 12... O-O 13. d5 Nf6 14. Qe5 Nd7 15. Qe4 Nf6
16. Qe5 Nd7 {1/2-1/2 Psakhis,L-Panchenko,A/Moscow 1981/MCL (16)}) 13. Qxd4 O-O
14. Bd3 e5 15. Rhe1 f6 16. Qd5+ Kh8 17. Bc2 ({RR} 17. Nd4 Nc5 18. Nb3 Nxd3+ 19.
Qxd3 Be6 20. Kb1 Rac8 21. Rc1 Rfd8 22. Qe2 Qf7 23. Nd2 Qg6+ 24. Ka1 Qxg2 25.
Ne4 Bf5 26. Ng3 Bd3 27. Qd2 Bg6 28. Qe3 Rd4 29. Red1 Rcd8 30. Rxd4 exd4 31. Qe7
Re8 32. Qd7 Qxf2 33. a3 h6 34. Rd1 Re1 35. Rxe1 Qxe1+ 36. Ka2 Bc2 37. a4 a5 38.
Qd8+ Kh7 {0-1 Nielsen,J-Spassov,L/Copenhagen 1982/EXT 2000/[Jensen,A] (38)})
17... Nb6 18. Qe4 g6 19. Qh4 Qf7 20. c5 Nd5 21. Qe4 Nf4 22. g3 Bf5 23. Nxe5
Qxa2 24. Qa4 Qxa4 25. Bxa4 Ng2 26. Nc4 {
Giorgadze,T-Dolmatov,S/Vilnius 1980/URS-ch/1/2-1/2 (51)}) 12. Ke2 Kxe7 13. g3
cxd4 14. Bg2 Nf6 15. Qxd4 Rd8 16. Qf4 Bd7 17. Ne5 {
Como en la apertura Catalana Kramnik presiona con el alfil} 17... Be8 18. Rhd1
Qb6 19. b3 Rxd1 20. Rxd1 Rd8 21. Rxd8 Qxd8 $6 (21... Kxd8 $142 22. Nd3 $14) 22.
Bxb7 Qa5 23. Qe3 Qxa2+ 24. Kf1 Qa5 25. Bf3 Qb6 26. c5 $1 {
La carta de triunfo del blanco} 26... Bb5+ 27. Kg2 Qc7 28. c6 a6 29. Qc5+ Ke8
30. b4 Nd5 31. Bxd5 exd5 32. Qxd5 $18 {Las blancas ya cosechan material} 32...
Kf8 33. f3 f6 34. Nd7+ Ke7 35. Qg8 Kd6 (35... Qxc6 36. Qxg7+ Kd6 37. Nc5) 36.
Nc5 Qe7 37. Qc8 Bxc6 38. Qxa6 Qe3 39. Qd3+ Qxd3 40. Nxd3 Be8 41. Kf2 Kd5 42.
Nf4+ $1 {Las negras deben decidir: o se acercan al peon ahora o no lo hacen mas
} 42... Kc4 43. Ne6 Kxb4 44. Nxg7 Bf7 45. Nf5 {
Un final ganado por la estructura fracturada de negro} 45... Kc5 46. Nh6 Bb3
47. Ng4 f5 48. Nf6 h6 49. Ke3 Kd6 50. Kf4 Ke6 51. Ng8 Bc2 52. Nxh6 Kf6 53. g4
fxg4 54. fxg4 Kg6 55. Nf5 Bd3 56. h4 Be2 57. h5+ Kh7 58. Kg5 Bd3 59. Kh4 Kg8
60. Nd6 Kg7 61. g5 Bc2 62. Nc4 {Suprema tecnica del blanco.} 1-0

[Event "Aerosvit"]
[Site "Foros UKR"]
[Date "2007.06.19"]
[Round "2"]
[White "Ivanchuk, V."]
[Black "Nisipeanu, LD."]
[Result "1-0"]
[WhiteElo "2729"]
[BlackElo "2693"]
[Annotator "de Dovitiis"]
[PlyCount "77"]
[EventDate "2007.06.18"]
[Source "Mark Crowther"]
[SourceDate "2007.06.25"]

1. d4 d5 2. Nf3 Nf6 3. c4 dxc4 4. Nc3 e6 5. e4 Bb4 {La aguda variante Viena} 6.
Bg5 c5 7. e5 cxd4 8. Qa4+ Nc6 9. O-O-O Bd7 $146 ({RR} 9... h6 10. Nxd4 ({RR} 
10. exf6 hxg5 11. fxg7 Rg8 12. Ne4 Be7 13. h4 gxh4 14. Nxd4 Bd7 15. Nxc6 bxc6
16. Qxc4 Rxg7 17. Qd4 Rg8 18. Rh3 Rb8 19. Qe5 Rb7 20. Ba6 Rb6 21. Rhd3 f5 22.
Rxd7 Qxd7 23. Rxd7 Kxd7 24. Nf6+ Bxf6 25. Qxf6 Rg4 26. Qf7+ Kd6 27. Bc8 Rc4+
28. Kb1 Re4 29. Qd7+ Kc5 30. Qxa7 f4 31. a4 Reb4 32. Qe7+ Kc4 33. Bxe6+ Kd3 34.
Kc1 Ke2 35. Qxh4 Rxb2 36. Bc4+ Ke1 37. f3+ Rf2 {
1-0 Beliavsky,A-Chandler,M/Linares 1988/CBM 006 (37)}) 10... Bxc3 11. bxc3 hxg5
12. Nxe6 Qxd1+ 13. Qxd1 Bxe6 14. exf6 gxf6 15. Qf3 Ke7 16. Be2 Rad8 17. h3 Rd5
18. Rd1 Ne5 19. Qe3 Rxd1+ 20. Kxd1 b6 21. Ke1 Rd8 22. Kf1 Rd5 23. Kg1 Nd3 24.
Qe4 {Conquest,S-Van der Sterren,P/Dordrecht 1988/CBM 007/1-0 (59)}) 10. Ne4
Nxe4 $5 (10... Be7 11. exf6 gxf6 12. Bh4 Rc8 13. Kb1 Na5 14. Qc2 e5 {
Llevaba a una posicion de extrema complejidad}) 11. Bxd8 Rxd8 12. Nxd4 Bd2+ 13.
Rxd2 Nxd2 14. Nxc6 Bxc6 15. Qa3 Nxf1 16. Rxf1 Rd3 (16... a6 $5) 17. Qb4 a5 18.
Qxc4 Rd5 19. Rd1 O-O 20. Rxd5 Bxd5 21. Qa4 Bxg2 {Demasiado riesgo} (21... Ra8
$5) 22. Qxa5 Bd5 23. f4 f6 $2 {Las negras deberian quedarse quietas} (23... g6
24. h4 h5) 24. f5 $1 fxe5 25. fxe6 Bxe6 26. b3 e4 27. Qb5 Bf7 (27... Bc8 28.
Qc4+) 28. Qxb7 e3 29. Qb5 h6 30. Kd1 g5 31. Qe2 {La dama hace y deshace} 31...
Rd8+ 32. Ke1 Rd2 (32... Re8 33. b4) 33. Qxe3 Rxa2 34. b4 Rxh2 35. b5 Rb2 36. b6
g4 {Parece haber posibilidades pero la dama tiene todo el campo para hacer de
las suyas} 37. Qxh6 Rb1+ 38. Kf2 Rb3 39. Qc6 $1 {Se viene b7} 1-0

[Event "Morelia - Linares"]
[Site "?"]
[Date "2007.03.10"]
[Round "?"]
[White "GM_Svidler"]
[Black "GM_Morozevich"]
[Result "0-1"]
[WhiteElo "2728"]
[BlackElo "2741"]
[Annotator "de Dovitiis Alejo"]
[PlyCount "56"]
[EventDate "2007.??.??"]

1. e4 e6 {La defensa Francesa, la especialidad de Morozevich contra 1 e4.} 2.
d4 d5 3. Nc3 Nf6 4. e5 (4. Bg5 {
es una opcion agresiva pero Morozevich suele ser muy ductil con} 4... Bb4 5. e5
h6) 4... Nfd7 5. f4 c5 6. Nf3 Nc6 7. Be3 a6 (7... cxd4 8. Nxd4 Bc5 9. Qd2 {
es otro sendero.}) 8. Qd2 b5 9. a3 (9. dxc5 Bxc5 10. Bxc5 Nxc5 11. Qf2 Qb6)
9... Bb7 10. dxc5 (10. Be2 $5) (10. O-O-O $6 c4 $1 {
para lanzar una ofensiva sobre el rey blanco.}) 10... Bxc5 11. Bxc5 Nxc5 12.
Bd3 b4 $1 $146 {Una novedad para ser tenida seriamente en cuenta.} (12... Qb6
13. Qf2 Rc8 14. O-O Nd7 15. Ne2 Qxf2+ 16. Rxf2 h6 17. Ned4 Nxd4 18. Nxd4 g6 19.
b4 Nb6 20. Nb3 Na4 21. g4 Ke7 22. Kf1 g5 $132 {Marra,E-Cubas,J/Sao Paulo 2005.}
) (12... Qc7 13. Qf2 Qb6 14. O-O Nd7 15. Ne2 Qxf2+ 16. Kxf2 g6 17. Ned4 Nxd4
18. Nxd4 Rc8 19. Rae1 $14 {Marra,E-Vailon,R/Florianopolis 2003.}) 13. Ne2 (13.
axb4 Nxb4 {amenaza Cbxd3 y Cb3.}) 13... Qb6 14. Qe3 $6 (14. Nfd4 {
era lo indicado aunque tras} 14... Nxd3+ 15. Qxd3 bxa3 {
Las negras tienen una posicion mas que razonable.}) 14... d4 $1 {Un golpe certe
ro al plan de las blancas de dominar las casillas centrales de color negro.}
15. Nfxd4 (15. Nexd4 Nxd4 16. Nxd4 Rd8 17. Rd1 Na4 {
es molesto para las blancas.}) 15... Nxd4 (15... Rd8 16. c3 bxc3 17. bxc3 Nxd4
18. cxd4 Nxd3+ 19. Qxd3 Qa5+ 20. Kf2 O-O $44) 16. Qxd4 bxa3 17. Rxa3 Rd8 18.
Qe3 Qxb2 19. Qxc5 $4 {Diagrama # Un movimiento incomprensible que echa por
tierra el solido torneo de Svidler.} (19. O-O Nxd3 (19... Qxa3 $2 20. Bb5+ axb5
21. Qxa3 $18) 20. Rxd3 Rxd3 21. Qxd3 O-O {
era una posicion pareja o apenas mejor el negro.}) 19... Qb1+ 20. Kd2 (20. Kf2
Qxh1 {era peor.}) 20... Qxh1 21. Nc3 Qxh2 $1 22. Ra4 (22. Kc1 Qxf4+ 23. Kb2 Qd4
$19) 22... Qxg2+ 23. Kc1 Rc8 24. Qb4 Qg1+ 25. Nd1 (25. Kb2 Qc5 {era lapidario.}
) 25... Bf3 26. Rxa6 Qc5 {Morozevich esta muy atento.} ({!Cuidado! Si} 26...
Qxd1+ $2 27. Kb2 Bc6 28. Ra7 Bd7 29. Rxd7 Rxc2+ (29... Kxd7 30. Qd6+ Ke8 31.
Bb5+ Rc6 32. Bxc6#) 30. Bxc2 Qxd7 31. Ba4 $18) 27. Qa4+ (27. Bb5+ Kf8 28. Qxc5+
Rxc5 $19) 27... Kf8 28. Ra5 $2 (28. Qd7 Qc7) 28... Qg1 {
Las blancas no tienen escapatoria a su fatal destino:} (28... Qg1 29. Qa3+ Kg8
30. Bxh7+ Rxh7 31. Qxf3 Rh1 32. Ra6 Qh2 33. Qe4 Re1 34. Qa4 Qe2 35. Rd6 Qe3+
36. Kb2 Rb8+ {Una excelente remontada del conductor de las piezas negras del
ultimo al segundo lugar.}) 0-1

[Event "FIDE candidates Matches"]
[Site "Elista, Kalmykia Russia"]
[Date "2007.05.29"]
[Round "?"]
[White "GM_Leko"]
[Black "GM_M.Gurevich"]
[Result "1-0"]
[WhiteElo "2738"]
[BlackElo "2639"]
[Annotator "de Dovitiis"]
[PlyCount "99"]
[EventDate "2007.??.??"]

1. e4 e6 2. d4 d5 3. Nc3 Nf6 4. e5 Nfd7 5. f4 c5 6. Nf3 Nc6 7. Be3 a6 8. Qd2 b5
9. dxc5 Bxc5 10. Ne2 ({RR} 10. Bxc5 Nxc5 11. Qf2 ({RR} 11. b4 Ne4 12. Nxe4 dxe4
13. Qxd8+ Kxd8 14. Ng5 Nxb4 15. Rb1 Nxc2+ 16. Kd1 Ne3+ 17. Kd2 Nxf1+ 18. Rhxf1
Ke7 19. Nxe4 Bb7 20. Nd6 Bd5 21. a3 Rad8 22. Kc3 Rd7 23. Kb4 Bxg2 24. Rg1 Be4
25. Rbc1 g6 {Rewitz,P-Hansen,L/Aarhus 1994/EXT 98/1-0 (93)}) 11... Qb6 12. Bd3
Rb8 13. O-O Nb4 14. Rfd1 Na4 15. Nxa4 bxa4 16. Qxb6 Rxb6 17. b3 axb3 18. axb3
Ke7 19. Kf2 Bd7 20. Nd4 h6 21. Ke3 f6 22. c3 Nxd3 23. Kxd3 g5 24. g3 Rf8 25.
Ke3 Rg8 26. Rg1 f5 27. h4 Be8 28. hxg5 hxg5 29. Rh1 gxf4+ 30. gxf4 Rg3+ 31. Kd2
Rg2+ 32. Ke3 Rg3+ 33. Kd2 Rg2+ 34. Ke3 {
1/2-1/2 Khalifman,A-Bareev,E/Moscow 1992/EXT 97 (34)}) 10... Qb6 11. Bxc5 $146
({RR} 11. Ned4 f6 ({RR} 11... O-O 12. Kf2 Nxd4 13. Bxd4 f6 14. Ke3 fxe5 15.
fxe5 Rf5 16. Bxc5 Qxc5+ 17. Qd4 Qxd4+ 18. Kxd4 Rf4+ 19. Kc3 b4+ 20. Kd2 a5 21.
Bd3 Ba6 22. Ke3 Rg4 23. g3 d4+ 24. Nxd4 Nxe5 25. Rhd1 Nc4+ 26. Bxc4 {
Brasch,H-Hohm,K/Kirchseeon 1989/EXT 97/0-1 (45)}) 12. exf6 Nxf6 13. O-O-O Ne4
14. Qe1 O-O 15. Kb1 b4 16. Ka1 a5 17. Nxc6 Qxc6 18. Bd3 Bxe3 19. Qxe3 a4 20.
Ne5 Qc5 21. Qxc5 Nxc5 22. g3 Ba6 23. Rhe1 Rfc8 24. Kb1 Bxd3 25. Nxd3 Nxd3 26.
Rxd3 Kf7 27. Rd4 Rab8 28. Re3 Rc5 29. h4 h5 30. b3 {
1/2-1/2 Van Mil,J-Hergott,D/Groningen 1988/EXT 97 (30)}) 11... Nxc5 12. Ned4
Ne4 13. Qe3 b4 14. Bd3 Bb7 15. O-O (15. Bxe4 dxe4 16. Qxe4 Rd8 17. Nxc6 Bxc6
18. Qe2 Bb5 19. Qe4 (19. Qf2 Qc6 $36) 19... Bc6 $11) 15... O-O 16. Rae1 Nxd4
17. Qxd4 $1 {
Pasando al final levemente mejor como le suele gustar al gran maestro magyar.}
17... Qxd4+ 18. Nxd4 g6 19. Ra1 $1 {/\ a3.} 19... a5 20. a3 Nc5 21. axb4 axb4 (
21... Nxd3 $5) 22. Kf2 Rfc8 23. g4 b3 24. Ke3 bxc2 25. Rxa8 Rxa8 26. Bxc2 Kf8
27. Rc1 Rc8 28. Ra1 Ra8 29. Rxa8+ Bxa8 {Las negras han neutralizado los
intentos de las torres blancas pero entrando a un final tortuoso de defender.}
30. b4 Na6 31. b5 Nc5 32. Nb3 $1 Nd7 (32... Nxb3 33. Bxb3 Ke7 34. Kd4 $18 {
El rey blanco se infiltra.}) 33. Kd4 Ke7 34. Nc5 Nb6 35. h4 {
Segundo frente de ataque.} 35... Kd8 36. Bd3 Ke7 37. Be2 Kd8 38. Bf1 Ke7 39.
Bd3 Kd8 40. Bc2 Ke7 41. Bd1 Kd8 42. Be2 Ke7 43. g5 {
Pasado el control Leko define su plan.} 43... Kd8 44. h5 Ke7 45. h6 $1 Kd8 46.
Bd3 Ke7 47. Bc2 $22 Kf8 (47... Kd8 48. Nxe6+ fxe6 49. Bxg6 $18) 48. Nd3 Nd7 (
48... Bb7 49. Kc5 Nd7+ 50. Kd6) 49. Nf2 Ke7 50. Ng4 {
No hay salida para el negro:} (50. Ng4 Bb7 51. Nf6 Nf8 (51... Nxf6 52. gxf6+
Kd7 53. Kc5 Kc7 54. Bxg6 $18) 52. Ba4 Kd8 53. b6 Ke7 54. Kc5 $18) 1-0

[Event "MTel"]
[Site "Sofia, Bulgaria"]
[Date "2007.05.16"]
[Round "?"]
[White "GM_Kamsky"]
[Black "GM_Mamedyarov"]
[Result "1-0"]
[WhiteElo "2705"]
[BlackElo "2757"]
[Annotator "de Dovitiis"]
[PlyCount "87"]
[EventDate "2007.??.??"]

1. e4 d6 2. d4 Nf6 3. Nc3 g6 4. Nf3 Bg7 5. h3 O-O 6. Be3 c6 7. Qd2 {
Kamsky ha jugado de manera sorprendente bastante incisiva la apertura.} 7... b5
8. Bd3 Nbd7 9. O-O Qc7 (9... e5 10. dxe5 dxe5 11. Ne2 a6 12. a4 Bb7 13. Ng3 Qe7
14. Bh6 Rfe8 15. Bxg7 Kxg7 16. b4 Rad8 17. Rfe1 Nb6 18. Qg5 Kh8 19. axb5 cxb5
20. Nd2 Rd4 21. Qe3 Na4 22. Nf3 Rxb4 23. Qg5 Nc5 24. Nd2 Nd5 25. Qh6 Nf4 26.
Bf1 f6 27. c4 Rb2 28. Nf3 b4 29. Rad1 a5 30. Ne2 Nfd3 {
0-1 Leko,P-Ivanchuk,V/Monte Carlo 2004/CBM 099 ext (30)}) 10. Ne2 ({RR} 10.
Rfe1 e5 11. Bh6 exd4 12. Nxd4 b4 13. Bxg7 Kxg7 14. Nd1 c5 15. Nb5 Qb8 16. Bc4
d5 17. Bxd5 Nxd5 18. Qxd5 Qxb5 19. Qxa8 Bb7 20. Qxa7 Ra8 21. Qxa8 Bxa8 22. a3
Bc6 23. axb4 cxb4 24. f3 Qe5 {
Lie,K-Krasenkow,M/Tromso NOR 2006/The Week in Chess 608/0-1 (36)}) 10... c5 $5
$146 ({RR} 10... Rb8 11. Ng3 e5 12. Bh6 Ne8 13. c3 Nb6 14. b3 a5 15. Rfe1 a4
16. Rab1 Ra8 17. Rbc1 axb3 18. axb3 Be6 19. c4 bxc4 20. Bxc4 Bxc4 21. bxc4 c5
22. dxe5 dxe5 23. Nf1 Rd8 24. Qe3 f6 25. Rc2 {
Moreno Carnero,J-Nijboer,F/Ohrid 2001/CBM 084/[Finkel,A]/1-0 (47)} 25... Qc6
26. Qc1 Bxh6 27. Qxh6 Nd6 28. N3d2 Nf7 29. Qh4 Ng5 30. Ne3 Rd4 31. f3 Rfd8 32.
Qf2 Kg7 33. Nd5 Qa4 34. Rec1 Nd7 35. Nf1 Qc6 36. Rb2 Ne6 37. Nfe3 Nf4 38. Nxf4
exf4 39. Nd5 Qd6 40. Rb7 g5 41. Ra1 Rf8 42. Raa7 Rf7 43. Qb2 Rd1+ 44. Kh2 h5
45. Rxd7 Rxd7 46. Rxd7+ Qxd7 47. Qxf6+) ({RR} 10... e5 11. dxe5 dxe5 12. Ng3
Re8 13. Rfd1 Rb8 14. a4 a6 15. b3 Bf8 16. Bh6 Qd6 17. Bg5 Qe6 18. Bf1 Bb7 19.
b4 Nb6 20. a5 Nbd7 21. c4 Qe7 22. c5 Rbd8 23. Qe3 Nb8 24. Be2 Bc8 25. Rxd8 {
McKay,R-McNab,C/Troon 1986/EXT 2002/1/2-1/2 (80)}) 11. c3 (11. Bxb5 Nxe4) 11...
e5 12. Ng3 c4 13. Bc2 {Estamos en un esquema de peones de la Espanola.} 13...
Re8 $2 {No atiende el juego blanco en el sector dama.} (13... Bb7) 14. a4 $1
bxa4 15. Bxa4 exd4 16. Nxd4 a6 17. Bh6 $16 Bh8 18. Ndf5 $1 Re6 (18... gxf5 19.
Qg5+ Bg7 20. Qxg7#) 19. Rfd1 Nc5 20. Nxd6 Bb7 21. Nxb7 Qxb7 22. f3 $18 Nd3 23.
b3 Bg7 24. Bxg7 Kxg7 25. bxc4 Nb2 26. Rdb1 Qa7+ 27. Kh1 Nxc4 28. Qg5 Rc8 29.
Nf5+ Kh8 30. Nd4 Rb6 31. Rxb6 Qxb6 32. Bb3 Rc5 33. Qh6 Kg8 34. Re1 Rh5 35. Qf4
Rc5 36. e5 {Las negras nada tienen por hacer.} 36... Nh5 37. Qh4 Nxe5 38. f4
Rxc3 39. fxe5 Rxb3 40. e6 $1 {Debilita al rey negro.} 40... fxe6 41. Nxb3 Qxb3
42. Qd8+ Kg7 43. Qe7+ Kh6 44. Qf8+ 1-0

[Event "MTel"]
[Site "Sofia, Bulgaria"]
[Date "2007.05.19"]
[Round "?"]
[White "GM_Sasikiran"]
[Black "GM_Nisipeanu"]
[Result "1/2-1/2"]
[WhiteElo "2690"]
[BlackElo "2693"]
[Annotator "de Dovitiis"]
[PlyCount "83"]
[EventDate "2007.??.??"]

1. Nf3 c5 2. c4 g6 3. d4 cxd4 4. Nxd4 Nc6 5. e4 {
Un siciliana Maroczy por otro orden de movidas.} 5... Bg7 6. Be3 Nf6 7. Nc3 O-O
8. Be2 b6 9. O-O Bb7 10. f4 Nxd4 ({RR} 10... Bh6 11. Nc2 d6 12. Qd3 Rc8 13.
Rad1 Na5 14. b3 b5 15. Nxb5 Bxe4 16. Qd2 a6 17. Nc3 Nc6 18. Nxe4 Nxe4 19. Qd3
Nc5 20. Qd2 Ne4 21. Qd3 Nc5 22. Qd2 Ne4 {
1/2-1/2 Manik,M-Delchev,A/Budapest 2000/CBM 078 (22)}) ({RR} 10... d6 11. Bf3
Qc8 12. Rc1 Nxd4 13. Bxd4 e5 14. fxe5 dxe5 15. Bxe5 Re8 16. Bd4 Qe6 17. Nd5
Rad8 18. Bxf6 Bxf6 19. Bg4 Bxd5 20. Bxe6 Bxe6 21. Rxf6 Rxd1+ 22. Rxd1 Bxc4 23.
b3 Be6 24. Rf2 Rc8 25. h3 Kg7 26. Kh2 h5 27. Rdd2 Rc5 28. Rc2 Re5 29. Rc7 a5
30. Rb7 Rb5 31. Rd2 Rb4 32. e5 a4 33. Rd6 {
1-0 Kosten,A-Lerch,P/Asnieres sur Seine FRA 2006/The Week in Chess 600 (33)})
11. Bxd4 Rc8 $146 ({RR} 11... d6 12. Bf3 Rc8 ({RR} 12... Qc7 13. b3 e5 14. Be3
exf4 15. Bxf4 Qc5+ 16. Kh1 Rad8 17. Rc1 Rfe8 18. Re1 Qa5 19. Rc2 Ng4 20. Nb5
Be5 21. Bxe5 dxe5 22. Qe2 Nf6 23. Nc7 Re7 24. Nd5 Nxd5 25. exd5 f5 26. g4 f4
27. Be4 {Vaclavik,J-Hlavcak,S/Slovakia 2000/Corr 2002/0-1 (61)}) 13. b3 Nd7 14.
Bxg7 Kxg7 15. Qd4+ Kg8 16. Rad1 Nc5 17. Bg4 Rc6 18. Nd5 Ne6 19. Qe3 Rc5 20. f5
Bxd5 21. exd5 Ng7 22. Qh6 gxf5 23. Rxf5 f6 24. Rf3 Qe8 25. Rg3 Rf7 26. Bf5 {
1-0 Rahman,Z-Turner,M/Scarborough 1999/CBM 071 ext (26)}) ({RR} 11... Nxe4 12.
Nxe4 e5 13. Nd6 exd4 14. Nxb7 Qc7 15. Bf3 Rab8 16. Rc1 Qxf4 17. Bd5 Qe3+ 18.
Kh1 d3 19. Rf3 Qh6 20. Rxd3 Bxb2 21. Rc2 Be5 22. Rh3 Qf4 23. Re2 Rbe8 24. Re4
Qf2 25. Rhe3 Bd4 26. Re2 Qf5 27. Rxe8 b5 28. Qxd4 {
1-0 Feller,C-Meier,P/Leukerbad op 1992 (28)}) 12. Qd3 d6 13. Rad1 Qc7 14. Kh1
Rfe8 $2 (14... e6) 15. e5 $1 dxe5 16. fxe5 Nh5 (16... Nd7 17. Nb5 Qb8 18. e6 {
es tremendo}) 17. Nd5 (17. Bxh5 gxh5 18. e6 f6 19. b3 $16) 17... Bxd5 18. cxd5
Bxe5 19. Bxh5 Bxd4 20. Qxd4 gxh5 21. Rd3 e5 $1 {Nisipeanu comienza una defensa
heroica que no debio alcanzar pero tuvo su premio a la tenacidad.} 22. Qh4 (22.
Qf2 $1) 22... Qd6 23. Qxh5 Kh8 $1 24. Rg3 f6 25. Qh6 (25. h3) 25... Qf8 26. Qh4
Red8 27. h3 Rxd5 $1 {Sin miedo, las negras priorizan tener contrajuego.} 28.
Rg6 (28. Rxf6 Rd1+ 29. Kh2 Qc5 30. Rf2 Qxf2 31. Rg8+ Kxg8 32. Qxf2 Re8 $15)
28... Rd4 $1 29. Rgxf6 Rxh4 30. Rxf8+ Rxf8 31. Rxf8+ Kg7 32. Rf3 (32. Re8 Kf6)
32... Rb4 33. b3 a5 34. Kh2 e4 35. Rf5 a4 {Las tablas son inevitables.} 36.
bxa4 Rxa4 37. Rb5 Rxa2 38. Rxb6 Ra3 39. Re6 Re3 40. Kg1 Kf7 41. Kf2 (41. Rh6
Kg7) 41... Rxh3 42. Rxe4 1/2-1/2

[Event "MTel"]
[Site "Sofia BUL"]
[Date "2007.05.20"]
[Round "10"]
[White "Topalov, V."]
[Black "Sasikiran, K."]
[Result "1-0"]
[WhiteElo "2772"]
[BlackElo "2690"]
[Annotator "de Dovitiis"]
[PlyCount "117"]
[EventDate "2007.05.10"]
[Source "Mark Crowther"]
[SourceDate "2007.05.21"]

1. d4 Nf6 2. c4 e6 3. Nc3 Bb4 4. e3 b6 5. Bd3 Bb7 6. Nf3 O-O 7. O-O d5 8. a3
Bd6 9. cxd5 ({RR} 9. b4 dxc4 10. Bxc4 Nbd7 11. Bb2 a5 12. b5 e5 13. Re1 e4 14.
Nd2 Qe7 15. Be2 Rad8 16. Qc2 Rfe8 17. f3 exf3 18. Bxf3 Bxf3 19. Nxf3 Ne4 20.
Nxe4 Qxe4 21. Qxe4 Rxe4 22. Nd2 Re6 23. e4 Nc5 {
Portisch,L-Petrosian,T/Lone Pine 1978/MCL/[ChessBase]/0-1 (45)}) 9... exd5 10.
b4 Nbd7 ({RR} 10... a6 11. Qb3 Qe7 12. Bb2 Nbd7 13. Rfe1 b5 14. a4 bxa4 15.
Nxa4 Bxb4 16. Rec1 Rfc8 17. Nc5 Bxc5 18. dxc5 Rcb8 19. Qc3 Bc8 20. Ra5 c6 21.
h3 Ne8 22. Qc2 h6 23. e4 Qd8 24. Bc3 Nc7 25. Re1 Nf8 26. Ne5 Bd7 27. Ra4 Nfe6
28. exd5 Nxd5 29. Bh7+ Kf8 30. Nxf7 Kxf7 31. Qg6+ Kf8 32. Rxe6 Rb1+ 33. Kh2
Qc7+ 34. Be5 {
1-0 Iotov,V-Dobrev,N/Vilagarcia de Arousa ESP 2006/The Week in Chess 613 (34)})
11. b5 $146 ({RR} 11. Qb3 Re8 12. b5 Ne4 13. a4 g5 14. Ba3 g4 15. Bxe4 dxe4 16.
Nd2 Bxh2+ 17. Kxh2 Qh4+ 18. Kg1 Re6 19. Rfc1 Rh6 20. Kf1 g3 21. fxg3 Qh1+ 22.
Ke2 Qxg2+ 23. Kd1 Nf6 24. Be7 Rh2 25. Ncb1 Nd5 26. Bb4 Qe2+ 27. Kc2 Nxe3+ 28.
Kb2 Bd5 29. Qc3 Nc4+ {0-1 Roemer,U-Nogueiras,J/Lugano 1987/Informador 43 (29)})
({RR} 11. Rb1 Ne4 12. Qc2 Re8 13. Nb5 a6 14. Nxd6 cxd6 15. a4 Rc8 16. Qb2 Ndf6
17. Bd2 Rc4 18. Rfc1 {Zsinka,L-Lukacs,P/Budapest 1987/Informador 43 (18)})
11... Ne4 12. Bb2 Re8 13. a4 Re6 14. Ne2 a5 15. Ba3 Rc8 16. Bxd6 cxd6 $6 {
Dominan casillas pero condenan al Bb7.} 17. Rc1 Ndf6 18. h3 Re7 19. Qb3 h6 20.
Rxc8 Qxc8 21. Rc1 Rc7 22. Rxc7 $1 Qxc7 23. Qc2 Qe7 (23... Qxc2 $14) 24. Qc1 g6
25. Nh2 Kg7 26. h4 Ne8 27. f3 N4f6 28. Nf1 h5 29. Nf4 Nd7 30. Qe1 Nf8 31. Qg3
$1 {Topalov cambia de rumbo} 31... Kh6 32. Nxh5 $5 gxh5 $8 (32... Kxh5 33. Qf4
g5 34. Ng3+ Kh6 35. Nf5+) 33. Qg8 f5 34. Ng3 Ng7 35. Bxf5 Ng6 (35... Qxe3+ 36.
Kh2 Qe7 37. Qh8+) 36. Bxg6 Kxg6 37. Nxh5 {La mejor chance} 37... Qxe3+ 38. Kh2
Qe7 $2 {Grave error que cuesta el primer puesto} (38... Qxd4 39. Kg3 Kh6 (39...
Qe5+ 40. Nf4+ Kf5 41. Qf7+ $18) 40. Qh8+ Kg6 41. Qg8 {con tablas.}) 39. Nf4+
Kf6 40. g4 Qf7 41. Qd8+ Qe7 42. Qg8 (42. Qxb6 $18) 42... Qf7 43. Qd8+ Qe7 44.
Qxe7+ Kxe7 45. Kg3 Ne6 $2 (45... Kf6) 46. Nxe6 Kxe6 47. f4 Bc8 48. f5+ Kf7 49.
h5 $1 Bd7 50. h6 Kg8 51. Kf4 {El rey blanco es incntenible} 51... Be8 52. Kg5
Kf7 53. h7 Kg7 54. h8=Q+ Kxh8 55. Kf6 Bxb5 56. Ke7 (56. axb5 a4 57. Kf7 a3 58.
g5 a2 59. g6 a1=Q 60. g7+ Kh7 61. g8=Q+ Kh6 62. Qg6#) 56... Bd3 57. f6 Bg6 58.
f7 Bxf7 59. Kxf7 1-0

[Event "MTel"]
[Site "Sofia BUL"]
[Date "2007.05.20"]
[Round "10"]
[White "Nisipeanu, Liviu Dieter"]
[Black "Mamedyarov, S."]
[Result "1/2-1/2"]
[WhiteElo "2693"]
[BlackElo "2757"]
[Annotator "de Dovitiis"]
[PlyCount "83"]
[EventDate "2007.05.10"]
[Source "Mark Crowther"]
[SourceDate "2007.05.21"]

1. e4 c5 2. Nf3 e6 3. c3 Nf6 4. e5 Nd5 5. d4 cxd4 6. cxd4 b6 ({RR} 6... d6 7.
Nc3 Nxc3 8. bxc3 Nc6 9. exd6 Bxd6 10. Bd3 Qa5 11. Bd2 Be7 12. O-O O-O 13. Re1
Bf6 14. Qe2 g6 15. Qe4 Bd7 16. Rab1 b6 17. Qf4 Bg7 18. Ng5 h6 19. Ne4 f5 20.
Nd6 g5 21. Qe3 {Rodriguez,A-Emma,J/Buenos Aires 1965/MCD/1-0 (39)}) 7. a3 $146
({RR} 7. Bc4 Bb7 8. O-O Be7 9. Qe2 O-O 10. Bd2 f6 11. Nc3 Nxc3 12. Bxc3 Nc6 13.
Rad1 fxe5 14. Nxe5 Nxe5 15. dxe5 Qc7 16. Qg4 Rf7 17. Rxd7 Qxd7 18. Bxe6 Qe8 19.
f4 Bc8 20. Bxf7+ Qxf7 21. f5 Bc5+ 22. Kh1 g6 23. b4 Bf8 24. Qd4 Be6 25. g4 gxf5
26. gxf5 Bd5+ 27. Kg1 Qg7+ 28. Kf2 Qg2+ 29. Ke1 Qe4+ 30. Qxe4 Bxe4 31. e6 Bh6
32. b5 Be3 33. Ke2 Bc5 34. Rf4 Bb1 35. f6 Bg6 36. h4 Re8 37. e7 Kf7 38. Kd2 Rc8
39. Rf3 Rc7 40. Rg3 Rd7+ 41. Ke1 Rd3 42. Rxd3 Bxd3 43. a4 {
0-1 Altschul,M-Marsalek,J/Kosice 1961/MCD (43)}) 7... Bb7 8. Bd3 d6 9. O-O Nd7
10. Nbd2 dxe5 11. dxe5 Be7 12. Ne4 O-O 13. Re1 Rc8 14. Bd2 Qc7 15. Rc1 Qb8 16.
Bb1 h6 (16... Nxe5 $2 17. Nxe5 Qxe5 18. Ng5 $40) 17. Ng3 Rfd8 18. Rxc8 Qxc8 19.
Qa4 Bf8 20. Qg4 Ne7 21. Bxh6 Bxf3 $1 {
La intermedia que facilita la defensa negra} 22. gxf3 (22. Qxf3 gxh6 23. Qe4
Ng6 $19) 22... Nxe5 23. Rxe5 Rd1+ 24. Kg2 Rxb1 25. Rg5 g6 26. Bxf8 Qxf8 27. Qd4
Qg7 28. Qd8+ Qf8 29. Qd4 Nf5 {El negro aspira a mas.} 30. Nxf5 exf5 31. Rg3 Qe7
32. Rh3 Qg5+ 33. Rg3 Qe7 34. Rh3 Qg5+ 35. Rg3 Qc1 {
El negro desea ganar pero el blanco tiene suficiente contrajuego.} 36. Qd8+ Kg7
37. Qd4+ f6 38. Qd7+ Kf8 39. Qd8+ Kf7 40. Qd7+ Kf8 41. Qd8+ Kf7 42. Qd7+
1/2-1/2